Histoire de France par images et par siècle - Click Quiz - Statistiques

Statistiques générales
  • Ce quiz a été pris 305 fois
  • Le résultat moyen est 7 sur 15
Statistiques - réponses
Hint Explanation Réponse % Correct
Libération de Paris (1944) XX
93%
Exécution de Louis XVI (1793) XVIII
84%
Trois Glorieuses (1830) XIX
71%
Baptême de Clovis (496; 498 ou début du VIe siècle) V ou VI
58%
Massacre de la Saint-Barthélémy (1572) XVI
56%
Assassinat d'Henri IV (1610) XVII
49%
Traité de Verdun (843) IX
47%
Jeanne d'Arc (première moitié du XVè siècle) XV
41%
Début de règne des rois fainéants (639) VII
31%
Bataille de Poitiers (732) VIII
26%
Bataille de Mortemer (1054) où Henri 1er est défait XI
24%
Philippe Le Bel arrête les templiers (1307) XIV
22%
Sacre de Louis VIII et Blanche de Castille (1223) XIII
20%
Philippe Auguste lors de la troisième croisade (1189-1191) XII
18%
Sacre d'Hugues Capet (987) X
14%
Aucun quiz correspondant
Distribution des résultats
% des personnes avec chaque résultat
Percentile par nombre de réponses
Votre historique - résultats
Vous n’avez pas pris ce quiz